00826 2200193 4500001002100000005001500021035002000036245019900056100002700255250002000282300005000302856002800352700014100380260004600521082000800567084001500575020002200590650002000612INLIS00000000114845520260526085105 a0010-05260001321 aBUKU PINTAR ANTARIKSA /cPenulis: Anggraeni Windi Gernia, Penyunting: Fira Husaini, Pemeriksa Aksara: Shofa Nurrofiqoh, Penata Aksara: Yusva, Perancang Sampul: Yusva, Perupa Isi: Freepik Premium0 aAnggraeni Windi Gernia aCetakan Pertama a28 halaman :bIlustrasi ;c19 x 27 cmeKertas aPerpustakaan Keliling 20 aPenyunting: Fira Husaini, Pemeriksa Aksara: Shofa Nurrofiqoh, Penata Aksara: Yusva, Perancang Sampul: Yusva, Perupa Isi: Freepik Premium aYogyakarta :bANAK HEBAT INDONESIA,c2024 a397 a397 ANG b a978-623-164-142-7 4aCHILDRENS BOOKS